00567nam a2200145Ia 4500003000900000008004100009040001600050080001200066110004000078245020800118260004900326300001500375650001400390650001700404IN-BaIIA211028s9999 xx 000 0 eng d cIIA Library a52bASP aAstronomical Society of the Pacific 4aThe Adolfo Stahl lectures in astronomybdelivered in San Francisco, California, in 1916-17 and 1917-18, under the auspices of the Astronomical Society of the PacificcAstronomical Society of Pacific  aSan FranciscobThe Stanford Universityc1919 axiv, 257p. aAstronomy aAstrophysics